| 000 | 00400cam a22001217a 4500 | ||
|---|---|---|---|
| 008 | 180718b1975 xxu||||| |||| 00| 0 eng d | ||
| 082 | _aF51x54 K149 | ||
| 245 |
_aCoalition governments in India _cedited by K.P. Karunakaran |
||
| 260 |
_aSimla _bIndian Institute of Advanced Study _c1975 |
||
| 300 | _a457p. | ||
| 650 | _aIndia --Politics and government --1947- --Congresse | ||
| 700 | _aKarunakaran, K.P. | ||
| 999 |
_c351710 _d351710 |
||